Golden Globes 2012 (Quotes) Quiz Stats

 Plays Quiz not verified by Sporcle

Score 0/30 Timer 10:00
0 Plays Today
% Correct
Christopher Plummer (Beginners)
84.6%
Meryl Streep (The Iron Lady)
76.9%
Leonardo DiCaprio (J. Edgar)
73.1%
Jean Dujardin (The Artist)
73.1%
Kristen Wiig (Bridesmaids)
69.2%
Viola Davis (The Help)
65.4%
Ocatvia Spencer (The Help)
65.4%
Joseph Gordon-Levitt (5050)
57.7%
Michelle Williams (My Week with Marilyn)
57.7%
Rooney Mara (The Girl with the Dragon Tattoo)
53.8%
Janet McTeer (Albert Nobbs)
53.8%
Charlize Theron (Young Adult)
50%
Brendan Gleeson (The Guard)
50%
Albert Brooks (Drive)
50%
Jonah Hill (Moneyball)
50%
% Correct
Kenneth Branagh (My Week with Marilyn)
46.2%
Glenn Close (Albert Nobbs)
46.2%
Owen Wilson (Midnight in Paris)
42.3%
Bérénice Bejo (The Artist)
42.3%
Jessica Chastain (The Help)
42.3%
Shailene Woodley (The Descendants)
42.3%
George Clooney (The Descendants)
38.5%
Ryan Gosling (Crazy, Stupid, Love.)
38.5%
Tilda Swinton (We Need to Talk About Kevin)
38.5%
Brad Pitt (Moneyball)
34.6%
Jodie Foster (Carnage)
34.6%
Michael Fassbender (Shame)
26.9%
Viggo Mortensen (A Dangerous Method)
26.9%
Kate Winslet (Carnage)
26.9%
Ryan Gosling (The Ides of March)
23.1%

You're not logged in!

Compare scores with friends on all Sporcle quizzes.
OR
Log In

Sporcle TV

Today on Sporcle TV


Watch our educational content, quiz creation guides, and fun videos on Sporcle TV.

Show Comments

Extras

Top Quizzes Today


Score Distribution

Your Account Isn't Verified!

In order to create a playlist on Sporcle, you need to verify the email address you used during registration. Go to your Sporcle Settings to finish the process.

Report this User

Report this user for behavior that violates our Community Guidelines.

Details: